000 01275nam a2200337 a 4500
001 BRCA_34
005 20190320202844.0
008 921130s1992####enka#####b---f001-0#eng-#
020 _a0415071674 (v.1)
020 _a0415071658 (v.2)
020 _a0415071631 (v.3)
041 _aeng
044 _aenk
050 4 _aAM141
_b.S35 1992
245 1 0 _aScience for Conservators.
260 _aInglaterra
_bThe Conservation Unit of the Museums & Galleries Commission in conjunction with Routledge
_c1992
300 _a3 v.
_bil.
_c25 cm.
440 0 _aScience for conservators
_9158
504 _aIncluye referencias bibliográficas e índice
505 0 _aContenido: v.1. An introduction to materials: Conservation Science Teaching Series. -- v.2. Cleaning: Conservation Science Teaching Series. -- v.3. Adhesives and coatings: Conservation Science Teaching Series
650 1 4 _aMétodos de conservación en museos
_vGuías, manuales, etc.
_9159
650 1 4 _aArte
_xConservación y restauración
_9160
650 1 4 _aQuímica
_9161
650 1 4 _aMuseografía
_9162
650 1 4 _aLimpieza
_xGuías, manuales, etc.
_9163
650 1 4 _aAdhesivos
_9164
740 0 _aAn introduction to materials
740 0 _aCleaning
740 0 _aAdhesives and coatings
942 _2lcc
_cB
999 _c34
_d34